00750nam a22001937a 450000500170000000800410001704100080005808200190006610000250008511000250011024500300013526000530016530000270021836500220024550001110026794200070037899900190038595201520040420230727114056.0230727b |||||||| |||| 00| 0 eng d aeng a729.7bKAR/NAW aKarve S ed. 9115272 aNawale R ed.9204248 aHealth Care - At Its Best aPunebBNCA M Arch Environment Architecturec2014 a184 PbPBc28.5 x 19.5 aINRb1.00cRupaye aJahangir Hospital Case Study Ruby Hall Case Study Design Program Site Analysis Hospital Design Option 1 cDB c355447d355447 00102ddc4070aBNCAbBNCAd2023-07-27eDonated Booksg1.00l1o729.7 KAR/NAWpBNCA-DB-1960r2023-10-30 00:00:00s2023-10-19v1.00w2023-07-27yDB